Star Trek Movies - Statistics

General Stats
  • This quiz has been taken 33 times
  • The average score is 13 of 14
Answer Stats
Picture Answer % Correct
Star Trek II: The Wrath of Khan
100%
Star Trek: Nemesis
100%
Star Trek
95%
Star Trek: First Contact
95%
Star Trek Generations
95%
Star Trek III: The Search for Spock
95%
Star Trek: The Motion Picture
95%
Star Trek V: The Final Frontier
95%
Star Trek: Insurrection
90%
Star Trek IV: The Voyage Home
90%
Star Trek VI: The Undiscovered Country
86%
Star Trek Beyond
81%
Star Trek Into Darkness
76%
Star Trek: Section 31
67%
No matching quizzes found
Score Distribution
Percent of People with Each Score
Percentile by Number Answered
Your Score History
You have not taken this quiz